000 00440nam a2200145Ia 4500
008 240729s9999 xx 000 0 und d
022 _a2313-2396
245 0 _aJournal of V. N. Karazin Kharkiv National University: Series Medicine
260 _aUkraine
260 _bV. N. Karazin Kharkiv National University
650 _aMedicine
856 _uhttps://doaj.org/toc/b1e535729af44866990fcbcb313c2961
942 _2ddc
942 _cDOAJEJ
999 _c66069
_d66069
945 _a1
_bMadushi Gamage
_c1
_dMadushi Gamage